[Event "Minsk op"]
[Site "Minsk"]
[Date "2023.11.07"]
[Round "5"]
[White "Guryev, Yan"]
[Black "Makutin, Gleb"]
[Result "1/2-1/2"]
[WhiteElo "1374"]
[BlackElo "1400"]
[PlyCount "120"]
[EventDate "2023.11.03"]
[EventType "swiss"]
[EventRounds "9"]
[EventCountry "BLR"]
[SourceTitle "CB46_2023"]
[SourceDate "2023.11.15"]
[SourceVersion "1"]
[SourceVersionDate "2023.11.15"]
[SourceQuality "1"]

1. d4 d5 2. c4 e6 3. Nc3 c6 4. Nf3 dxc4 5. a4 Bb4 6. e3 b5 7. Bd2 Bxc3 8. Bxc3 a5 9. axb5 cxb5 10. b3 Bb7 11. bxc4 b4 12. Bd2 Nf6 13. Bd3 0-0 14. 0-0 Nbd7 15. Ne1 Qe7 16. f3 e5 17. d5 Nc5 18. e4 Rfe8 19. Bg5 a4 20. Nc2 b3 21. Na3 Ba6 22. Rf2 h6 23. Be3 Rec8 24. Bf1 Qd6 25. g4 Nfd7 26. Qc1 Kh7 27. g5 h5 28. Qb1 Qg6 29. Bh3 Qd6 30. f4 Re8 31. f5 Kg8 32. Bg2 g6 33. fxg6 fxg6 34. Bh3 Rf8 35. Kg2 Rxf2+ 36. Bxf2 Rf8 37. Bxd7 Nxd7 38. Qg1 Qb4 39. Be1 Qe7 40. Bd2 Nc5 41. Bb4 Qxg5+ 42. Kh1 Qxg1+ 43. Rxg1 Kh7 44. Bxc5 Rf4 45. d6 Bb7 46. h3 Rxe4 47. Kh2 h4 48. Rf1 Re2+ 49. Rf2 Rxf2+ 50. Bxf2 Bc6 51. Bxh4 Kh6 52. Bf6 e4 53. Kg3 g5 54. Kf2 Kg6 55. Be7 Kf5 56. Ke3 Ke6 57. Bxg5 Kxd6 58. Kd4 Ke6 59. Bc1 Kf6 60. Nb1 Bd7 1/2-1/2